Drum : l'ultimo mandingo /

Gorde:
Xehetasun bibliografikoak
Beste egile batzuk: Oates, Warren, Vega, Isela, Carver, Steve, (1945-), Norton, Ken
Formatua: Diapositiba
Hizkuntza:italiera
Argitaratua: Milano : Ricordi Video, c1992
Saila:Parade. - Milano ; 59
Etiketak: Etiketa erantsi
Etiketarik gabe, Izan zaitez lehena erregistro honi etiketa jartzen!

MARC

LEADER 00000ngm a22000007i 4500
001 IT\ICCU\UBO\1852788
003 ItRI
005 20260124182845.0
008 021011s1992 it |||||||||||||||k|||||c
040 |b ita 
041 7 |a ita  |2 ISO-639-2 
245 0 0 |a Drum :  |b l'ultimo mandingo /  |c regia di Steve Carver. 
260 |a Milano :  |b Ricordi Video,  |c c1992 
300 |a 1 videocassetta (VHS) (ca. 97 min.) :  |b col., son 
500 |a Interpreti: Warren Oates, Isela Vega, Ken Norton ... et al 
500 |a Descrizione basata sul contenitore. 
700 1 |a Oates, Warren  |0 IT\ICCU\RAVV\089833 
700 1 |a Vega, Isela  |0 IT\ICCU\RAVV\089834 
700 1 |a Carver, Steve,  |d  (1945-)  |0 IT\ICCU\UBOV\697544 
700 1 |a Norton, Ken  |0 IT\ICCU\UBOV\697545 
830 0 |a Parade. - Milano ;  |v 59  |0 IT\ICCU\TO0\1091207 
942 |2 ddc  |c VM  |n 0 
952 |0 0  |1 0  |4 0  |6 VO_27_000000000000000  |7 0  |9 27079  |a BO  |b BO  |d 2026-01-24  |i 6156  |l 0  |o VO 27  |p BO6156  |r 2026-01-24 18:28:45  |w 2026-01-24  |x [Sebina 5] [1 videocassetta]  |y VM  |z 1 videocassetta 
999 |c 22915  |d 22915